Estatísticas para Cultura Geral

Clique aqui para jogar o quiz

Estatísticas Gerais

  • Esse quiz foi jogado 22 vezes
  • A pontuação média é 9 de 15

Estatísticas das Respostas

HintResposta% Correto
Que parte do corpo do Pinóquio crescia quando ele mentia?Nariz
95%
Quem foi o primeiro explorador europeu a navegar da Europa para a Índia?Vasco da Gama
85%
Em que oceano ficam localizadas as Maurícias?Índico
80%
De que país Timor Leste foi colónia?Portugal
80%
Qual é a maior ilha do Oceano Índico?Madagáscar
75%
Qual é a língua oficial do Eswatini?Inglês
70%
Que golfo faz fronteira com o Iraque, o Irã e o Catar?Pérsico
65%
Qual é a capital do Djibouti?Djibouti
55%
Qual canal liga o Mar Vermelho ao Mediterrâneo?Suez
55%
Quem canta a música Mamma Mia!?ABBA
50%
Que ilha era anteriormente conhecida como Ceylon?Sri Lanka
50%
Que prisão notória foi invadida pela máfia de Paris, que ficou surpresa ao encontrar apenas sete prisioneiros dentro?Bastilha
45%
Uma pessoa da Itália é chamada de italiano. Como você chama uma pessoa de Chipre?Cipriota
40%
Que popular software de vídeo chamada foi desenvolvido pelos estonianos e comprado pela Microsoft em 2011?Skype
40%
Qual é a cidade mais populosa da Austrália?Perth
0%

Distribuição das Pontuações

Percentil de Números Respondidos

Porcentagem de Pessoas com Cada Pontuação

Sua Pontuação Histórica

Você não jogou esse quiz